[Event "FRM CupT"]
[Site "Skopje"]
[Date "2008.05.18"]
[Round "5"]
[White "Cvetanoski, Naum"]
[Black "Damceski, Marjan"]
[Result "1-0"]
[WhiteElo "2056"]
[BlackElo "2054"]
[PlyCount "127"]
[EventDate "2008.05.14"]
[EventType "team"]
[EventRounds "9"]
[EventCountry "MKD"]
[SourceTitle "CBM 124 Extra"]
[Source "ChessBase"]
[SourceDate "2008.07.03"]
[SourceVersion "1"]
[SourceVersionDate "2008.07.03"]
[SourceQuality "1"]

1. c4 c5 2. Nc3 Nc6 3. g3 g6 4. Bg2 Bg7 5. e4 d6 6. Nge2 e6 7. 0-0 Nge7 8. a3 0-0 9. d3 Rb8 10. Be3 Nd4 11. Rb1 b6 12. b4 Nec6 13. Qd2 Re8 14. f4 f5 15. h3 Bd7 16. Kh2 a5 17. Bxd4 Nxd4 18. Nxd4 Bxd4 19. Ne2 Qf6 20. bxa5 bxa5 21. Rxb8 Rxb8 22. Qxa5 Qd8 23. Qxd8+ Rxd8 24. Nxd4 cxd4 25. exf5 gxf5 26. Rb1 Ba4 27. Rb6 Bc2 28. Bf1 e5 29. Rb2 Bd1 30. Kg1 Kf7 31. Bg2 Re8 32. Kf1 h5 33. Ke1 Ba4 34. Kd2 e4 35. Rb7+ Kf6 36. Rb6 Re6 37. g4 hxg4 38. hxg4 e3+ 39. Ke2 fxg4 40. Bd5 g3 41. Bxe6 Bd1+ 42. Kxd1 g2 43. Rxd6 g1Q+ 44. Kc2 Qf2+ 45. Kb3 Qxf4 46. Rc6 Ke7 47. Bd5 Qf1 48. Re6+ Kd7 49. c5 Qxd3+ 50. Kb4 Qc3+ 51. Kb5 Qxa3 52. Rd6+ Ke7 53. Re6+ Kf8 54. c6 Qa7 55. Rg6 Qb8+ 56. Kc5 Qe5 57. Re6 Qf4 58. Re4 Qh2 59. Kxd4 Qd2+ 60. Ke5 e2 61. c7 Qc3+ 62. Kd6 e1Q 63. Rxe1 Qa5 64. c8Q+ 1-0

[Event "FRM CupT"]
[Site "Skopje"]
[Date "2008.05.17"]
[Round "4"]
[White "Cvetanoski, Naum"]
[Black "Petrovski, Igor"]
[Result "1-0"]
[WhiteElo "2056"]
[BlackElo "1805"]
[PlyCount "65"]
[EventDate "2008.05.14"]
[EventType "team"]
[EventRounds "9"]
[EventCountry "MKD"]
[SourceTitle "CBM 124 Extra"]
[Source "ChessBase"]
[SourceDate "2008.07.03"]
[SourceVersion "1"]
[SourceVersionDate "2008.07.03"]
[SourceQuality "1"]

1. c4 Nf6 2. Nc3 g6 3. g3 Bg7 4. Bg2 0-0 5. e4 d6 6. Nge2 e5 7. 0-0 c6 8. h3 Be6 9. d3 d5 10. cxd5 cxd5 11. f4 dxe4 12. dxe4 Nc6 13. Qa4 Qb6+ 14. Kh2 Rad8 15. f5 Bc8 16. g4 h6 17. g5 hxg5 18. Bxg5 Nd4 19. Qc4 Nxe2 20. Qxe2 Rd7 21. Rac1 Nh7 22. Be3 Qd8 23. Nd5 gxf5 24. exf5 Rxd5 25. Rxc8 Qxc8 26. Bxd5 Nf6 27. Qg2 Kh7 28. Rg1 Ne8 29. Be4 Bf6 30. Qg4 Ng7 31. Bg5 Qd8 32. Qh4+ Kg8 33. Bxf6 1-0

[Event "FRM CupT 15th"]
[Site "Skopje"]
[Date "2007.04.29"]
[Round "5"]
[White "Bogoevski, Blagoja"]
[Black "Cvetanoski, Naum"]
[Result "1-0"]
[WhiteElo "2112"]
[BlackElo "2042"]
[PlyCount "77"]
[EventDate "2007.04.25"]
[EventType "team-swiss"]
[EventRounds "5"]
[EventCountry "MKD"]
[SourceTitle "EXT 2019"]
[Source "ChessBase"]
[SourceDate "2018.10.10"]
[SourceVersion "1"]
[SourceVersionDate "2018.10.10"]
[SourceQuality "1"]

1. e4 d6 2. d4 Nf6 3. Nc3 g6 4. Bg5 Bg7 5. Qd2 h6 6. Bf4 c6 7. Nf3 Nbd7 8. e5 dxe5 9. dxe5 Ng4 10. e6 fxe6 11. Bd3 Kf7 12. 0-0 Qa5 13. Rfe1 Qb4 14. Rab1 g5 15. Bxg5 hxg5 16. Nxg5+ Kg8 17. Re4 Bxc3 18. Qf4 Ndf6 19. Rxb4 Be5 20. Qd2 Bxh2+ 21. Kf1 e5 22. Ke2 a5 23. Ra4 b5 24. Rxa5 Rb8 25. g3 Nh6 26. Qb4 Nd5 27. Qc5 Bg4+ 28. Kd2 Rc8 29. Bxb5 Kg7 30. Bd3 Nf5 31. c4 Nf6 32. Qxe5 Rcd8 33. Ne6+ Kf7 34. Nxd8+ Rxd8 35. Rh1 Bxg3 36. fxg3 Bf3 37. Rf1 Be4 38. Ra3 Nd4 39. Qxe4 1-0

[Event "FRM CupT 15th"]
[Site "Skopje"]
[Date "2007.04.26"]
[Round "2"]
[White "Cvetanoski, Naum"]
[Black "Simjanovski, Saso"]
[Result "1-0"]
[WhiteElo "2042"]
[BlackElo "2236"]
[PlyCount "57"]
[EventDate "2007.04.25"]
[EventType "team-swiss"]
[EventRounds "5"]
[EventCountry "MKD"]
[SourceTitle "EXT 2019"]
[Source "ChessBase"]
[SourceDate "2018.10.10"]
[SourceVersion "1"]
[SourceVersionDate "2018.10.10"]
[SourceQuality "1"]

1. c4 g6 2. g3 Bg7 3. Bg2 e5 4. Nc3 Nc6 5. e4 d6 6. h3 Be6 7. d3 Qd7 8. Nge2 h5 9. Nd5 h4 10. g4 Nce7 11. d4 c6 12. Nxe7 Qxe7 13. d5 Bd7 14. Qb3 b6 15. dxc6 Bxc6 16. Nc3 Bf6 17. 0-0 Rc8 18. f4 exf4 19. Bxf4 Bd4+ 20. Kh1 g5 21. Nb5 Bxb5 22. Qxb5+ Qd7 23. Qxg5 Rc5 24. e5 dxe5 25. Rae1 f6 26. Qg6+ Kd8 27. Bc1 Qh7 28. Qxh7 Rxh7 29. g5 1-0

[Event "FRM-ch 14th"]
[Site "Struga"]
[Date "2005.07.16"]
[Round "8"]
[White "Cvetanoski, Naum"]
[Black "Stevchev, Vlado"]
[Result "0-1"]
[WhiteElo "2022"]
[BlackElo "2166"]
[PlyCount "63"]
[EventDate "2005.07.09"]
[EventType "swiss"]
[EventRounds "9"]
[EventCountry "MKD"]
[SourceTitle "CBM 107 Extra"]
[Source "ChessBase"]
[SourceDate "2005.09.01"]
[SourceVersion "1"]
[SourceVersionDate "2005.09.01"]
[SourceQuality "1"]

1. c4 Nf6 2. Nc3 e5 3. e4 Bb4 4. Nge2 Nc6 5. g3 0-0 6. Bg2 d6 7. h3 Be6 8. d3 Nd7 9. 0-0 f5 10. f4 Bxc3 11. Nxc3 exf4 12. Bxf4 Nf6 13. b3 fxe4 14. dxe4 Qd7 15. Kh2 Ne5 16. Nd5 Bxd5 17. exd5 Rae8 18. Bg5 Qf7 19. Bxf6 gxf6 20. Rf5 Nd7 21. Qd4 b6 22. Raf1 Re5 23. Be4 Rfe8 24. Bc2 Re2+ 25. R1f2 Rxf2+ 26. Rxf2 Qh5 27. Bd1 Qg5 28. Bg4 Ne5 29. Be6+ Kh8 30. Rf5 Qxf5 31. Qf4 Qxf4 32. gxf4 0-1